Online Catalogue and eLibrary

Two ears of corn : (Record no. 2770)

MARC details
000 -LEADER
fixed length control field 00465nam a2200169Ia 4500
005 - DATE AND TIME OF LATEST TRANSACTION
control field 20240530013023.0
008 - FIXED-LENGTH DATA ELEMENTS--GENERAL INFORMATION
fixed length control field 240331s9999 xx 000 0 und d
082 ## - DDC Classification
Item Number - Author Mark BUN
Class No. 338.9
100 ## - MAIN ENTRY--PERSONAL NAME
Personal name Bunch, Roland
245 #0 - TITLE STATEMENT
Title Two ears of corn :
Remainder of title A guide to people-centered agricultural improvement
Statement of responsibility, etc. Roland Bunch
250 ## - EDITION STATEMENT
Edition statement 2 nd
260 ## - PUBLICATION, DISTRIBUTION, ETC.
Place of publication, distribution, etc. Oklahoma
Name of publisher, distributor, etc. World Neighbors
Date of publication, distribution, etc. 1985
300 ## - PHYSICAL DESCRIPTION
Extent (e.g. Volumes, Pages etc.) vii, 250 p .,
650 ## - SUBJECT ADDED ENTRY--TOPICAL TERM
Topical term or geographic name entry element Political
650 ## - SUBJECT ADDED ENTRY--TOPICAL TERM
Topical term or geographic name entry element Agricluture
942 ## - Koha item type (Biblio)
Koha item type Books in Stacks (Lending)
Holdings
Lost status Damaged status Collection code Home library Current library Shelving location Date acquired Full call number Accession Number Item type
    Lending WERC Library WERC Library Social Science Cupboard 03/31/2024 338.9 BUN 2197 Books in Stacks (Lending)

© WERC Library